[Event "11th KIIT Festival 2018"]
[Site "Bhubaneswar"]
[Date "2018.05.30"]
[Round "8"]
[White "Varshini, V."]
[Black "Nitin, S.."]
[Result "1/2-1/2"]
[WhiteElo "2129"]
[BlackElo "2432"]
[Annotator "TA"]
[PlyCount "120"]
[EventDate "2018.??.??"]
[EventType "swiss"]
[EventCountry "IND"]
[SourceTitle "playchess.com"]
[Source "ChessBase"]
[SourceQuality "1"]

{[%evp 10,120,20,2,26,9,12,9,46,8,22,2,10,-17,43,35,41,31,29,17,14,16,41,27,39,6,6,0,6,0,0,-6,6,6,6,6,6,6,6,6,6,-4,25,-15,-15,-15,-15,-15,-14,-15,-14,-15,-14,-14,-14,-15,-14,-15,-14,-14,-14,-62,-62,-62,-62,-62,-62,-62,-62,-62,-62,-62,-62,-62,-62,-62,-62,-62,-62,-62,-62,-62,-62,-62,-62,-62,-62,-62,-62,-62,-62,-62,-62,-62,-62,-62,-62,-62,-62,-62,-62,-62,-62,-62,-62,-62,-62,-62,-62,-62,-62,-62,-62]} 1. e4 c5 2. Nc3 a6 3. g3 b5 4. Bg2 Bb7 5. d3 e6 6. Nh3 Nf6 {B23: Closed Sicilian: Lines without g3} (6... b4 7. Ne2 d5 8. e5 Nc6 9. f4 Nh6 10. Nf2 Nf5 11. O-O Qb6 12. c3 Be7 13. g4 Nh4 14. Bh1 {0-1 (35) Yu,Y (2738)-Khismatullin,D (2639) Moscow 2017}) 7. O-O d6 8. f4 {[%cal Bf2f4,Bf4f5][%mdl 32]} Nbd7 {The position is equal.} 9. f5 e5 $146 ({Predecessor:} 9... Ne5 10. fxe6 fxe6 11. Bg5 Be7 12. Nf4 Kf7 13. Bh3 Bc8 14. Nce2 {1-0 (50) Lyell,M (2287)-Harp,J (2031) Manly Sydney 2009}) 10. a4 b4 11. Nb1 {[#]} a5 (11... c4 $1 $11 {[%mdl 512]}) 12. Nd2 $14 Nb6 13. Qe2 Be7 14. Nc4 Nxc4 15. dxc4 h6 {[%cal Bh7h6,Bh6h5,Bh5h4][%mdl 32]} 16. Nf2 h5 17. h3 h4 18. g4 Nh7 19. Nd1 Bg5 20. Bxg5 Nxg5 21. Qd3 Ra6 22. Ne3 Qa8 {[%cal Rg5e4]} 23. Nd5 Bxd5 24. exd5 f6 25. Be4 b3 26. c3 Rb6 27. Kg2 Ke7 28. Ra3 Qb7 29. Qe3 Qd7 30. Rf2 Rhb8 31. Rf1 Qe8 32. Raa1 Qh8 33. Rf2 Qh6 34. Re1 (34. Re2 {feels hotter.} Rh8 35. Rae1 Rbb8 36. Ra1 Qh7 37. Ree1) 34... Nf7 (34... Rh8 {is interesting.} 35. Rfe2 Rbb8 36. Ra1 Qh7 37. Ree1 Kf7) 35. Rff1 (35. Qd3 {feels hotter.} Rh8 36. Ref1 Ng5 37. Re2 Qh7 38. Ra1) 35... Qxe3 {Black is slightly better.} 36. Rxe3 Ng5 37. Rf2 Kf7 38. Kf1 Kg8 ({Don't play} 38... Nxe4 $6 39. Rxe4 Ra6 40. Rg2 $14) 39. Ke2 R6b7 ({But not} 39... Nxe4 $6 40. Rxe4 Kf7 41. Kd3 $14) 40. Kd3 Kh7 41. Rf1 Kh6 42. Rf2 Nh7 43. Re1 Re7 44. Re3 Kg5 45. Ref3 Rbe8 46. Rf1 Nf8 47. Ke3 Rf7 48. R3f2 Kh6 49. Kd3 Nh7 50. Rf3 Rfe7 51. Re3 Rb7 52. Rf2 Nf8 53. Rf1 Rf7 54. Ref3 Nd7 55. R3f2 Kg5 56. Rf3 Rfe7 57. R3f2 Rb8 58. Rf3 Rb7 59. R3f2 Nb6 60. Ra1 Re8 {Precision: White = 65%, Black = 76%.} 1/2-1/2

[Event "11th KIIT Festival 2018"]
[Site "Bhubaneswar"]
[Date "2018.05.30"]
[Round "8"]
[White "Vinoth Kumar M."]
[Black "Burmakin, Vladimir"]
[Result "0-1"]
[WhiteElo "2122"]
[BlackElo "2528"]
[Annotator "TA"]
[PlyCount "62"]
[EventDate "2018.??.??"]
[EventType "swiss"]
[EventCountry "IND"]
[SourceTitle "playchess.com"]
[Source "ChessBase"]
[SourceQuality "1"]

{[%evp 17,62,12,4,-15,-15,-54,-56,-79,-19,-81,-78,-119,-110,-134,-124,-140,-102,-145,-123,-218,-147,-228,-243,-247,-206,-350,-376,-399,-398,-389,-333,-464,-479,-433,-379,-407,-376,-458,-441,-811,-545,-1736,-1684,-1671,-1631,-1580,-1468]} 1. e4 d5 2. Nc3 dxe4 3. Nxe4 Nf6 4. Nxf6+ exf6 5. g3 (5. d4 Bd6 6. Bd3 O-O 7. c3 Re8+ 8. Ne2 c5 9. Be3 Nd7 10. Qc2 g6 11. O-O-O Qc7 12. Qd2 c4 13. Bb1 {0-1 (20) Lu,S (2612)-Hansen,E (2603) Wijk aan Zee 2017}) 5... Bd6 6. Bg2 {A00: Unregelmäßige Eröffnungen} O-O 7. Ne2 c6 8. O-O Re8 9. d4 Bg4 {LiveBook: 3 Partien} 10. f3 Bf5 11. g4 $146 ({Vorgänger:} 11. c4 Na6 12. Nc3 c5 13. d5 Be5 14. Nb5 {0-1 (30) Adams,W-Shainswit,G New York,NY 1941}) 11... Be6 12. b3 Nd7 (12... c5 $17) 13. h3 (13. Ng3 $11 {hält das Gleichgewicht.}) 13... Nf8 $17 14. f4 {[#]} f5 $1 15. g5 Ng6 16. Qe1 Qe7 17. Nc3 Rad8 18. Nd1 (18. Qf2 $17 {kämpft weiter.}) 18... h6 19. h4 (19. gxh6 $17 gxh6 20. Qf2) 19... hxg5 $19 20. hxg5 f6 21. gxf6 (21. Qg3 $142) 21... Qxf6 22. Qf2 Nh4 23. c4 Bf7 24. Bb2 Nxg2 25. Qxg2 Bh5 26. Qg3 Re2 27. Bc3 Rde8 {Droht stark ...T8e4.Schwarz steht klar auf Gewinn.} 28. b4 (28. c5 $142 Be7 29. Ne3) 28... Qh6 {[#] ...T8e4 ist eine echte Drohung.} 29. Rf2 Rxf2 30. Nxf2 Bxf4 31. Qg2 Re6 {Precision: Weiß =  8%, Schwarz = 79%.} 0-1

[Event "11th KIIT Festival 2018"]
[Site "Bhubaneswar"]
[Date "2018.05.31"]
[Round "9"]
[White "Rozum, Ivan"]
[Black "Das, Sayantan"]
[Result "1-0"]
[WhiteElo "2581"]
[BlackElo "2437"]
[Annotator "TA"]
[PlyCount "81"]
[EventDate "2018.??.??"]
[EventType "swiss"]
[EventCountry "IND"]
[SourceTitle "playchess.com"]
[Source "ChessBase"]
[SourceQuality "1"]

{[%evp 30,81,0,-18,21,11,14,0,0,0,47,35,100,86,84,76,93,72,73,60,102,33,106,98,212,194,185,189,154,141,135,100,103,107,104,67,97,97,450,450,432,341,443,443,442,442,442,442,442,436,460,429,466,435]} 1. c4 Nf6 2. Nc3 g6 3. g3 Bg7 4. Bg2 O-O 5. d4 c5 6. d5 d6 7. Nf3 e6 8. O-O exd5 9. cxd5 Re8 10. Bf4 Ne4 11. Nxe4 Rxe4 12. Nd2 {A62: Benoni (mit 7.g3)} Rxf4 13. gxf4 Bxb2 14. Rb1 Bg7 15. e4 Nd7 16. Qf3 {LiveBook: 14 Partien} Bh6 (16... b5 $5) 17. Nc4 Nb6 18. Nxb6 $146 ({Vorgänger:} 18. Ne3 Qh4 19. f5 Nd7 {0-1 (66) Studer,N (2493)-Leko,P (2678) Biel 2017}) 18... axb6 19. a3 Qh4 20. Qg3 Qg4 (20... Qd8 $14) 21. f5 $1 $36 {[%mdl 2048] Schwarz steht unter starkem Druck.} ({Viel schwächer wäre} 21. Rxb6 $6 Bxf4 22. Bh3 Qh5 $11) 21... Qxg3 22. hxg3 ({Viel schlechter ist} 22. fxg3 $6 c4 $11) 22... Ra6 23. fxg6 hxg6 24. Rfe1 Bd2 {[#]} 25. Red1 ({Günstiger ist} 25. Re2 $1 $16 {[%cal Re2d2]} Bg5 26. Kh2) 25... Bc3 (25... Bg5 $1 $14) 26. Bf1 Rxa3 {[#]} (26... Ra4 $16) 27. Rd3 $1 $18 {Und weiter mit Tc1 wäre nett.} ({Nicht} 27. Rxb6 Bd4 $11) 27... b5 28. Rxb5 Kf8 29. e5 Ke7 30. Rb6 dxe5 31. d6+ Ke8 32. Re3 Kd8 33. Kh2 Ba5 $2 {[%mdl 8192]} (33... Ra1 $16 {leistet mehr Widerstand.}) 34. Rxa3 Bxb6 {[%mdl 4096] Endspiel KTL-KL} 35. Ra8 {Weiss will mit Lb5 Matt setzen.} Kd7 36. Bb5+ {Weiß steht klar auf Gewinn.} Kxd6 {zielt auf ...Le6 ab.} 37. Rxc8 Bc7 38. Kg2 e4 39. Kf1 Ba5 40. Ke2 Bc3 41. Rd8+ {Precision: Weiß = 78%, Schwarz = 37%.} 1-0

[Event "11th KIIT Festival 2018"]
[Site "Bhubaneswar"]
[Date "2018.05.31"]
[Round "9"]
[White "Mozharov, Mikhail"]
[Black "Tran, Tuan Minh"]
[Result "0-1"]
[WhiteElo "2558"]
[BlackElo "2512"]
[Annotator "TA"]
[PlyCount "152"]
[EventDate "2018.??.??"]
[EventType "swiss"]
[EventCountry "IND"]
[SourceTitle "playchess.com"]
[Source "ChessBase"]
[SourceQuality "1"]

{[%evp 17,152,6,23,32,40,33,38,32,33,34,27,0,41,20,36,24,36,32,38,43,37,12,24,-6,-8,-19,26,23,29,0,0,-22,-21,-38,-44,-172,-150,-193,-199,-194,-194,-194,-181,-119,-102,-117,-109,-118,-90,-92,-86,-89,-89,-101,-96,-110,-114,-107,-101,-112,-103,-103,-89,-89,-94,-96,-89,-103,-89,-92,-89,-92,-89,-89,-89,-92,-92,-103,-103,-130,-108,-108,-93,-108,-106,-111,-92,-97,-97,-89,-59,-59,-50,-50,-48,-26,0,-81,-80,-75,0,-35,-16,-96,-97,-172,-178,-177,-168,-167,-160,-159,-142,-396,-386,-985,-936,-5683,-5581,-5614,-4673,-4631,-4631,-2474,-2345,-1159,-4623,-4610,-4610,-4133,-1616,-5118,-5118,-29984,-29985,-29987,-29986]} 1. d4 Nf6 2. c4 e6 3. Nf3 b6 4. a3 Bb7 5. Nc3 d5 6. cxd5 Nxd5 7. Bd2 {[%cal Bc1d2,Bd2c3,Bc3b4][%mdl 32]} Be7 8. Qc2 Nxc3 {E12: Queen's Indian: Unusual White 4th moves, 4 a3, 4 Nc3 Bb7 5 a3 and 4 Nc3 Bb7} (8... O-O 9. Rd1 Nxc3 10. Bxc3 Qd5 11. g3 Nd7 12. Bg2 Nf6 13. O-O Qf5 14. Qxf5 exf5 15. Ne5 Bxg2 16. Kxg2 {½-½ (58) Jobava,B (2713)-Lenic,L (2659) Tromsoe 2014}) 9. Bxc3 Qd5 {LiveBook: 12 Games} 10. g3 Qf5 {White is slightly better.} 11. Qxf5 exf5 12. Bg2 Nd7 13. O-O $146 ({Predecessor:} 13. Nh4 Bxg2 14. Nxg2 Nf6 15. Ne3 g6 16. d5 {0-1 (30) Kaunas,K (2163)-Stauskas,L (2272) Plateliai 2016}) 13... O-O-O 14. Bb4 Rhe8 15. e3 Bf6 16. a4 a5 17. Ba3 Be7 18. Bxe7 Rxe7 19. b4 axb4 20. a5 Be4 $36 {[%mdl 2048] Black is more active.} 21. Nd2 Nf6 22. Nxe4 fxe4 23. Rfc1 Kb8 24. Bf1 Nd5 25. Rc2 Rd6 26. Rca2 (26. axb6 $15 Rxb6 27. Bc4) 26... b5 27. Rb2 c6 28. Be2 Kb7 29. Bd1 g6 30. Bb3 Nc7 31. Kf1 f5 32. h4 h6 33. Ke2 Red7 34. Ba2 Na6 35. Rc1 g5 36. hxg5 hxg5 37. Bb1 g4 38. Ba2 Rh7 39. Rbb1 Rdh6 40. Bg8 Rh8 41. Ba2 Kc7 42. Rb2 Kd7 43. Rbc2 Rf6 44. Bb3 Rh2 45. Ra1 Kc7 46. Rac1 Kb7 47. Rd1 Rh8 48. Ra1 Rfh6 49. Rd1 Ra8 50. Ra1 Rf8 51. Rac1 Rff6 52. Rd1 Rd6 53. Rdc1 Nc7 54. Rc5 Rhf6 55. Kd2 Ka6 56. Ra1 Rd7 57. Kc2 (57. Rac1 $11) 57... Rh7 $17 58. Kd2 Rd7 59. Kc2 Re7 60. Rh1 (60. Kb2 $11) 60... Kxa5 {Strongly threatening ...Na6.} 61. Rh5 {[#]} (61. Rh8 $17 {was called for.}) 61... Na6 $1 $19 {[%cal Ra6c5]} 62. Rcxf5 Rxf5 63. Rxf5 {[%mdl 4096] Endgame [#] KRB-KRN} c5 $1 {[%mdl 512]} 64. dxc5 Rc7 65. Kb2 $2 {[%mdl 8192]} (65. Rf4 $17) 65... Nxc5 66. Bc2 $2 (66. Rf8 Nd3+ 67. Ka2) 66... Nd3+ 67. Bxd3 exd3 {KR-KR} 68. Rd5 Rc2+ 69. Kb3 Rc3+ 70. Kb2 Ka4 71. e4 Rc2+ 72. Kb1 Rxf2 73. Rxd3 Re2 74. Rd4 Ka3 75. Rd3+ b3 76. Rd1 b4 {Precision: White = 38%, Black = 63%.} 0-1

[Event "11th KIIT Festival 2018"]
[Site "Bhubaneswar"]
[Date "2018.05.31"]
[Round "9"]
[White "Ghosh, Diptayan"]
[Black "Deviatkin, Andrei"]
[Result "1-0"]
[WhiteElo "2536"]
[BlackElo "2467"]
[Annotator "TA"]
[PlyCount "85"]
[EventDate "2018.??.??"]
[EventType "swiss"]
[EventCountry "IND"]
[SourceTitle "playchess.com"]
[Source "ChessBase"]
[SourceQuality "1"]

{[%evp 17,85,13,36,37,46,45,40,3,14,9,9,10,13,6,27,11,24,21,21,10,21,24,29,-14,-13,-26,0,0,156,150,147,152,129,137,127,92,86,86,100,82,92,93,96,73,113,114,113,112,629,627,608,581,775,775,768,717,1585,445,430,430,680,435,410,131,402,395,481,470,801,785]} 1. d4 d5 2. c4 e6 3. Nf3 Nf6 4. Nc3 Nbd7 5. Bf4 dxc4 6. e3 Nb6 7. Bxc4 {D37: Damengambit (5.Lf4)} Nxc4 8. Qa4+ c6 9. Qxc4 Be7 {LiveBook: 3 Partien} (9... Nd5 10. O-O Nxf4 11. exf4 Be7 12. Rad1 O-O 13. Ne5 Qd6 14. Rfe1 f6 {½-½ (35) Goganov,A (2635)-Vitiugov,N (2721) Novosibirsk 2016}) 10. O-O Nd5 11. Bg3 O-O 12. Rad1 $146 ({Vorgänger:} 12. e4 Nxc3 13. bxc3 Bd7 14. Rfd1 Qc8 {½-½ (38) Hase,M (2516)-Davies,N (2483) Chessfriend.com 2003}) 12... Nxc3 13. Qxc3 Qd5 14. a3 b6 15. Rfe1 Bb7 16. Ne5 Rac8 17. e4 Qb5 18. h3 Rfe8 19. Qc2 Red8 20. a4 Qb4 21. Re3 Bf6 ({Natürlich nicht} 21... Rxd4 $6 22. Rxd4 Qxd4 23. Rd3 $16) 22. Qe2 Qxa4 $2 (22... Bxe5 $11 23. Bxe5 f6) 23. Qh5 $1 $16 {[%cal Rh5f7]} Rf8 24. Nd7 Be7 {und wenn ...Tfd8 ginge, stände Schwarz gut.} 25. Nxf8 Bxf8 26. Kh2 Qb4 27. Rf3 Qe7 28. Bh4 {[%cal Bg3h4,Bh4f6,Bf6g7][%mdl 32]} Qc7+ 29. Kg1 a5 30. Rg3 {[%cal Bf3g3,Bg3g4,Bg4g5][%mdl 32]} Qf4 31. Rg4 Qd6 {[#]} 32. Bf6 $1 c5 $2 {[%mdl 8192]} (32... g6 $16) 33. e5 $18 Qd5 {[#]} 34. Bxg7 $1 {[%mdl 512]} f5 (34... Bxg7 35. Qg5) 35. Rg5 {jetzt Lf6+ und aus.} Bxg7 36. dxc5 Qc6 37. Rd6 (37. Qh6 $142 {[%csl Gg5][%cal Rh6g7]} Qc7 38. Qxe6+ Qf7 39. Qxf7+ Kxf7 40. Rd7+ Ke6 41. Rgxg7 Kxe5 42. Rxb7 bxc5 43. Rxh7) 37... Qc7 38. Rxe6 {Droht Matt per Te8+.} Qxc5 (38... Qf7 $142 39. Qxf7+ (39. Rxb6 Qxh5 40. Rxh5 Be4 $16) 39... Kxf7) 39. Re8+ Rxe8 40. Qxe8+ $40 {[%mdl 128] Weiss hat starken Angriff.} Qf8 41. Qd7 h6 42. e6 {[%cal Be5e6,Be6e7][%mdl 32]} hxg5 (42... Bc6 $142 43. Rxg7+ Qxg7 44. Qxc6 Qe7 45. Qxb6 h5) 43. e7 {Precision: Weiß = 72%, Schwarz = 43%.} 1-0

[Event "11th KIIT Festival 2018"]
[Site "Bhubaneswar"]
[Date "2018.05.31"]
[Round "9"]
[White "Burmakin, Vladimir"]
[Black "Ravi, Teja S"]
[Result "1/2-1/2"]
[WhiteElo "2528"]
[BlackElo "2338"]
[Annotator "TA"]
[PlyCount "59"]
[EventDate "2018.??.??"]
[EventType "swiss"]
[EventCountry "IND"]
[SourceTitle "playchess.com"]
[Source "ChessBase"]
[SourceQuality "1"]

{[%evp 21,59,-8,-6,-8,-8,-4,-16,-9,-6,-2,7,0,0,0,16,12,15,18,10,10,12,28,31,0,0,0,0,0,0,0,0,0,0,0,0,0,0,0,0,0]} 1. Nf3 d5 2. c4 c6 3. g3 Bg4 4. Bg2 e6 5. cxd5 Bxf3 6. Bxf3 cxd5 7. O-O Nf6 8. Nc3 Nc6 9. d3 Be7 10. Bg2 {A11: Reti-Eröffnung} O-O 11. Bd2 Rc8 {LiveBook: 13 Partien} 12. h3 a6 13. Rc1 $146 ({Vorgänger:} 13. f4 d4 14. Ne4 Qb6 15. Nxf6+ Bxf6 16. Rb1 Ne7 17. Qa4 Nf5 {1-0 (62) Bocharov,D (2620)-Jakovenko,D (2741) Novosibirsk 2012}) 13... b5 14. e3 Qd7 15. Ne2 h6 16. Rc2 e5 17. Qb1 Qf5 18. Rcc1 Nb4 19. Rxc8 Rxc8 20. Rc1 Rxc1+ 21. Nxc1 e4 {[%cal Re4d3]} 22. g4 {[#]} Nxg4 $1 {[%mdl 512] Die Stellung ist ausgeglichen.} 23. hxg4 Qxg4 {Droht ...Dd1+ und aus.} 24. Bxb4 Qd1+ 25. Bf1 Bxb4 26. dxe4 Qg4+ 27. Bg2 {[#] Droht stark Sd3.} Qd1+ 28. Bf1 Qg4+ 29. Bg2 {Und Sd3 würde nun gewinnen.} Qd1+ 30. Bf1 {Precision: Weiß = 78%, Schwarz = 76%.} 1/2-1/2

[Event "11th KIIT Festival 2018"]
[Site "Bhubaneswar"]
[Date "2018.05.31"]
[Round "9"]
[White "Debashis, Das"]
[Black "Amonatov, Farrukh"]
[Result "1/2-1/2"]
[WhiteElo "2522"]
[BlackElo "2608"]
[Annotator "TA"]
[PlyCount "113"]
[EventDate "2018.??.??"]
[EventType "swiss"]
[EventCountry "IND"]
[SourceTitle "playchess.com"]
[Source "ChessBase"]
[SourceQuality "1"]

{[%evp 18,113,54,36,39,35,37,43,85,89,77,75,85,47,64,0,0,0,0,-16,0,-14,-7,-7,-6,-7,0,0,0,-18,-27,-32,-29,-30,-24,-49,-44,-50,-27,-23,-28,-28,-18,-19,-25,-39,-4,-16,0,0,0,0,0,0,0,0,0,-20,-24,-33,-30,-27,0,0,0,0,0,-27,-35,-32,0,0,0,0,0,0,0,0,0,0,8,8,8,8,8,8,8,8,8,8,18,18,18,18,18,18,18,18]} 1. d4 Nf6 2. c4 g6 3. Nc3 Bg7 4. e4 d6 5. Nf3 O-O 6. Be2 e5 7. O-O Nc6 8. d5 Ne7 9. Bd2 Nh5 10. Re1 {LiveBook: 6 Partien. E97: Königsindisch (Klassisches System)} Nf4 11. Bxf4 $146 ({Vorgänger:} 11. Bf1 h6 12. Bxf4 exf4 13. Qd2 g5 14. Nd4 Ng6 15. Rad1 Nh4 16. f3 Be5 17. Qf2 Qf6 {0-1 (33) Laylo,D (2491)-Paragua,M (2519) Manila 2013}) 11... exf4 12. Qd2 {Weiß steht etwas besser.} f5 13. Qxf4 fxe4 14. Qxe4 Nf5 15. Bd3 Bd7 16. Qe2 (16. Rad1 $14) 16... Nd4 $11 17. Nxd4 Bxd4 18. Ne4 Qh4 19. Rf1 Rae8 20. Kh1 Bf5 21. f3 $1 Be5 {[%csl Ge5][%cal Rh4h2] [#]} 22. g4 Bd7 23. Rad1 Rf4 24. Qf2 Qh6 {[%mdl 1024] Schwarz hat Kompensation.} 25. Qg2 Ref8 26. Rd2 Qh4 27. b3 Kh8 28. Rdf2 a5 29. Qg3 Qh6 {[#] ...Lxg4! ist eine echte Drohung.} 30. Qg2 b6 31. a4 R8f7 32. Ng3 {Droht stark Se2.} Rd4 33. Bc2 Bxg3 34. Qxg3 Qe3 35. Kg2 Rdf4 $1 36. Qh4 Kg7 37. Bd1 c6 38. h3 cxd5 39. cxd5 b5 {[%cal Rb5a4]} 40. Qd8 bxa4 41. bxa4 Qc5 42. Re1 Qxd5 43. Re7 Bc6 (43... Be6 $5 {[%cal Rd5d1]} 44. Rxf7+ Bxf7 $11) 44. Rxf7+ {Die Stellung ist ausgeglichen.} Rxf7 45. Qb6 {zielt auf Lb3 ab.} Qc5 46. Qb2+ Qe5 47. Rd2 (47. Qb6 {seems wilder.} Qc5) 47... Qxb2 48. Rxb2 Rb7 49. Rxb7+ Bxb7 {[%mdl 4096] Endspiel KL-KL} 50. g5 h6 51. h4 hxg5 52. hxg5 Kf7 53. Kf2 Bc6 54. Ke3 Kg7 55. Kd4 Kf7 56. f4 Kg7 57. Bb3 {Precision: Weiß = 62%, Schwarz = 65%.} 1/2-1/2

[Event "11th KIIT Festival 2018"]
[Site "Bhubaneswar"]
[Date "2018.05.31"]
[Round "9"]
[White "Rahman, Ziaur"]
[Black "Akash Pc, Iyer"]
[Result "1-0"]
[WhiteElo "2495"]
[BlackElo "2432"]
[Annotator "TA"]
[PlyCount "103"]
[EventDate "2018.??.??"]
[EventType "swiss"]
[EventCountry "IND"]
[SourceTitle "playchess.com"]
[Source "ChessBase"]
[SourceQuality "1"]

{[%evp 17,103,54,64,52,60,58,74,40,45,5,64,51,74,74,75,74,74,74,74,58,62,64,53,53,86,43,43,55,91,91,103,103,103,103,103,103,103,103,103,93,93,85,103,103,103,103,103,91,103,92,100,85,92,85,85,85,92,86,141,138,140,140,137,137,161,148,287,276,323,314,314,308,312,319,315,312,353,331,787,779,2274,2062,3458,1256,29991,29992,29996,29997]} 1. Nf3 d6 2. d4 Nf6 3. g3 Nbd7 4. c4 c5 5. Nc3 g6 6. Bg2 Bg7 7. O-O O-O 8. d5 a6 9. a4 b6 10. e4 {E65: King's Indian: Fianchetto: 6...c5 7 0-0 without d5 by White} Ne8 11. Re1 Nc7 12. Bg5 $146 {White is better.} ({Predecessor:} 12. Bf1 e5 13. dxe6 Nxe6 14. Be3 Bb7 15. Bh3 Re8 16. Qb3 Bxc3 17. Qxc3 Qf6 18. Nd2 {1-0 (43) Burmakin,V (2574)-Fritz,R (2373) Seefeld 2002}) 12... Rb8 13. Qe2 f6 ({Better is} 13... Ne5 $11) 14. Be3 $14 Ne5 15. Nxe5 fxe5 16. Rab1 a5 17. Rbd1 Bd7 18. h4 Rf7 19. Rf1 Qf8 20. Qd2 Ne8 21. Nb5 Nf6 22. f3 Qc8 23. Kh2 {[%cal Bg1h2,Bh2h3,Bh3g2][%mdl 32]} Qb7 24. Bh3 Bxh3 25. Kxh3 Rbf8 26. Kg2 Qd7 27. Nc3 Kh8 28. Qc2 Nh5 29. Ne2 h6 30. Qb3 Qc7 31. Qb5 Nf6 32. Nc3 Qb7 33. Ra1 {[%cal Bd1a1,Ba1a3,Ba3b3][%mdl 32]} Kh7 34. Ra3 Rb8 35. Rb3 Qc8 36. Bd2 Nh5 37. Qc6 {Hoping for Qxc8.} Qd8 (37... Qa6 $142) 38. Nb5 $16 Rc8 39. Qb7 {Black must now prevent Nxd6!} Rb8 40. Qc7 Qf8 41. Qc6 Rc8 (41... Nf6 $16 {is a better defense.}) 42. Qxb6 Rb8 43. Qxa5 Ra8 44. Qc3 Rxa4 45. Nc7 Qc8 46. Ne6 Qa6 47. Rc1 Bf6 $2 (47... Nf6 48. Rb8 Ra2) 48. Qe3 $18 g5 49. hxg5 {[#] Threatening mate with g6+!} hxg5 50. Nxg5+ (50. Rh1 $142 Kg6 51. Nxg5) 50... Bxg5 51. Qxg5 Nxg3 52. Qh6+ {Precision: White = 60%, Black = 42%.} 1-0

[Event "11th KIIT Festival 2018"]
[Site "Bhubaneswar"]
[Date "2018.05.31"]
[Round "9"]
[White "Iniyan, P."]
[Black "Navalgund, Niranjan"]
[Result "1-0"]
[WhiteElo "2469"]
[BlackElo "2281"]
[Annotator "TA"]
[PlyCount "147"]
[EventDate "2018.??.??"]
[EventType "swiss"]
[EventCountry "IND"]
[SourceTitle "playchess.com"]
[Source "ChessBase"]
[SourceQuality "1"]

{[%evp 19,147,0,6,-3,0,0,0,0,0,-2,0,0,0,0,0,0,0,-8,0,0,0,-5,0,-15,0,-2,0,0,37,29,90,83,84,77,77,77,77,77,77,83,104,101,104,104,110,112,112,104,104,85,87,87,94,94,94,52,80,6,6,0,0,0,0,0,0,0,0,0,0,0,0,0,0,0,0,0,0,0,0,0,8,8,815,785,4779,4546,1672,4194,3597,2791,862,11,11,11,11,11,29958,29963,29957,29963,29960,29965,29969,29971,29971,29973,29971,29970,29969,29970,29964,12822,29974,618,610,603,596,588,29983,29984,29984,29982,29981,29979,29990,29991,29991,29992,29992,29993]} 1. d4 f5 2. Nf3 Nf6 3. g3 e6 4. Bg2 d5 5. b3 Bd6 6. O-O O-O 7. c4 b6 8. Ba3 {A90: Dutch Defence: Miscellaneous and Modern Stonewall (with ...Bd6)} Bb7 (8... Ne4 9. Bxd6 Qxd6 10. cxd5 exd5 11. e3 Ba6 12. Re1 Nd7 13. Qc1 c5 14. Qa3 Bb7 15. dxc5 bxc5 {0-1 (40) Melkumyan,H (2633)-Grischuk,A (2772) Riadh 2017}) 9. Bxd6 cxd6 10. Nc3 Ne4 {LiveBook: 3 Games} 11. Rc1 Nd7 12. cxd5 Nxc3 13. Rxc3 Bxd5 14. Qc1 $146 ({Predecessor:} 14. Qc2 Nf6 {0-1 (49) Commercon,S (2266)-L'Ami,E (2605) Germany 2017}) 14... h6 15. Nh4 {[%cal Bf3h4,Bh4g6,Bg6f4][%mdl 32]} Nf6 16. Ng6 Re8 17. Nf4 Bxg2 18. Kxg2 g5 19. Nd3 $1 Nd5 20. Rc4 b5 21. Rc6 Rc8 22. Qc2 Rxc6 23. Qxc6 Qa8 24. Rc1 g4 (24... Kf7 $11) 25. Qxa8 $16 Rxa8 26. Nf4 Nxf4+ 27. gxf4 {[%mdl 4096] Endgame KR-KR} Kf7 28. Rc7+ Kf6 29. Rh7 a5 30. Rxh6+ Ke7 31. Rh7+ Kf6 32. Rb7 b4 33. Rb5 d5 34. f3 gxf3+ 35. Kxf3 Ra6 36. Ke3 Kg6 37. Kd2 Kh5 38. e3 ({Better is} 38. Rb8 $16) 38... Kg4 $11 39. Rb8 Kf3 40. h4 a4 41. Rxb4 axb3 42. a4 b2 43. h5 Rxa4 44. Rxb2 Ra1 45. Rb6 Ra2+ 46. Kd3 Ra3+ 47. Kc2 {[#] Threatens to win with h6.} Kg4 $1 ({Don't blunder} 47... Kxe3 $2 48. Rb3+ Rxb3 49. Kxb3 $18) 48. Rxe6 {aiming for h6.} Kxh5 49. Re5 Kg4 50. Kd2 Kf3 $2 {[%mdl 8192]} (50... Ra5 $11) 51. Rxf5 $18 Rxe3 52. Re5 Re4 53. Kd3 (53. Rxd5 $142 Re8 54. Kd3) 53... Kxf4 54. Rxd5 Re1 55. Rd6 $2 ({White should play} 55. Rd8 $18 {And now Rf8+ would win.} Rd1+ 56. Kc4) 55... Kf5 $1 $11 56. Kc4 {Threatening Rc6.} Ra1 57. Rc6 {Strongly threatening d5.} Ke4 $2 {[%mdl 8192] [#]} (57... Ra4+ $11 58. Kd5 Ra5+ 59. Rc5 Ra8) 58. Re6+ Kf5 59. d5 Rc1+ 60. Kb5 Ra1 61. Re2 Rc1 62. d6 Kf6 63. Kb6 Rb1+ 64. Kc7 Rc1+ 65. Kd8 Kf7 66. d7 (66. Re7+ $142 Kf6 67. Rc7 Rg1 68. Rc2 Rg8+ 69. Kc7 Ke5 70. d7 Rg7 71. Rd2) 66... Rc3 $18 67. Rf2+ Kg7 68. Rf4 {Ke7 is the strong threat.} Kg6 69. Ke7 {White mates.} Re3+ 70. Kd6 Rd3+ 71. Kc6 Kg7 72. Rf5 Rc3+ 73. Kd6 Rd3+ 74. Rd5 {Precision: White = 73%, Black = 51%.} 1-0